00327nam a2200133Ia 45000030006000000080041000060400015000471000026000622450030000882600042001183000006001605460010001660050017001760STCL150530s9999 xx 000 0 und d aSTCLcSTCL aJagadish Datta Sharma aHindi Ekahki Aur Kankikar bAkhil Bharatiya Vikram Parishadc1983 a0 aHindi20220125171257.0